| 000 | 01294cad a22002295a 4500 | ||
|---|---|---|---|
| 001 | L137571 | ||
| 008 | 110623s2007 xxkbd f f000 0 eng d | ||
| 020 | _a0855211725 | ||
| 035 | _a(Sirsi) u137571 | ||
| 041 | 0 | _aeng | |
| 050 | 0 | 4 | _a614.7 $2 18 |
| 110 | 1 |
_aUnited Kingdom _bAir Quality Expert Group _95163 |
|
| 245 | 0 | 0 |
_aAir quality and climate change _ba UK perspective _h[electronic resource] |
| 260 |
_aLondon _bDefra _c2007 |
||
| 520 | _aExamines the linkages between climate change and air quality and identifies synergies where measures to improve air quality can help to ameliorate climate change, and trade offs where policy measures in the two areas act in opposition. Considers which air pollutants cause poor air quality and climate change, what kind of changes in climate and air quality they will bring about, and what action could be taken to tackle air quality and climate change together. | ||
| 590 | _aKA | ||
| 650 | 2 | 4 | _aAIR POLLUTION |
| 651 | 4 |
_aUnited Kingdom _y |
|
| 690 | _aENVIRONMENTAL AND LAND CONSULTANCY-SUSTAINABILITY-SUSTAINABLE DEVELOPMENT | ||
| 856 | 4 | 0 |
_uhttps://archive.defra.gov.uk/environment/quality/air/airquality/publications/airqual-climatechange/documents/fullreport.pdf _zView the item free of charge at http://archive.defra.gov.uk |
| 942 | _n0 | ||
| 999 |
_c106828 _d106828 |
||